Skrytá reklama v éteri
Skrytá reklama v slovenských médiách. Problémy skrytej reklamy v slovenskom rozhlase. Predaj reklamy zabezpečený agentúrou PSMA. Skrytá reklama v súkromných rádiách. Dôsledky uplatňovania skrytej reklamy.
Gespeichert in:
| Format: | Buchkapitel |
|---|---|
| Sprache: | Slowakisch |
| Schlagworte: | |
| Tags: |
Keine Tags, Fügen Sie das erste Tag hinzu!
|
MARC
| LEADER | 00000naa a2200000 4500 | ||
|---|---|---|---|
| 001 | r021694 | ||
| 005 | 20230922094020.1 | ||
| 041 | 0 | |a slo | |
| 044 | |a SK | ||
| 245 | 1 | 0 | |a Skrytá reklama v éteri |
| 520 | |a Skrytá reklama v slovenských médiách. Problémy skrytej reklamy v slovenskom rozhlase. Predaj reklamy zabezpečený agentúrou PSMA. Skrytá reklama v súkromných rádiách. Dôsledky uplatňovania skrytej reklamy. | ||
| 610 | 2 | 0 | |a reklama |
| 610 | 2 | 0 | |a etika |
| 610 | 2 | 0 | |a rozhlas |
| 610 | 2 | 0 | |a PSMA |
| 610 | 2 | 0 | |a Slovensko |